000 00579nam a2200193Ia 4500
003 GCL
005 20240530104130.0
008 140319s9999 xx 000 0 ara d
040 _aGCL /
_cGCL
082 0 4 _a811.054
_bع ا
100 1 _aعلى شلق
245 1 0 _aالسماع فى الشعر العربى /
_cعلى شلق
260 _a[ بيروت ] :
_bدار الاندلس للطباعة والنشر ،
_c1984
300 _a352 ص؛
_b24 سم
650 0 4 _aالشعر العربى
650 0 4 _aالشعر الوصفى
650 0 4 _aتاريخ
942 _2ddc
_cBK
999 _c44837
_d44837